Ricostruisci la Carriera del Calciatore - Mateo Retegui - Statistics

Statistiche generali
  • Questo quiz è stato fatto 15 volte
  • Il punteggio medio è 3 su 5
Statistiche sulle risposte
Hint Risposta % Corretto
2023- Genoa
82%
2022-2023 Tigre
82%
2019-2020 Estudiantes
64%
2020-2021 Talleres (C)
36%
2018-2019 Boca Juniors
27%
Nessun quiz corrispondente trovato
Distribuzione punteggi
Percentuale di utenti per punteggio
Percentile per numero di risposta
I tuoi punteggi nel tempo
Non hai fatto questo quiz